00669nam a2200133Ia 4500008004100000082002400041100003500065245012700100260002400227300001100251500002700262502009700289650014900386120622s9999 xx 000 0 und d aT 027.72 L864p 2005 aLópez Fernández, Shelly M. aPropuesta para la creación de una CD-TECA en la Universidad Insurgentes, Plantel Tlalpan / Shelly M. López Fernández aMéxico : El Autor a136 h. aIncluye bibliografía aTesis (Licda. en Ciencias de la Comunicación). -- Universidad Insurgentes, Plantel Tlalpan a1. ORGANIZACION DE DISCOS COMPACTOS \ 2. DISCOS COMPACTOS \ 3. MATERIALES AUDIOVISUALES \ 4.UNIVERSIDAD INSURGENTES. PLANTEL TLALPAN (MEXICO)Ì